Statistics for Football Stadium Trivia

Click here to take the quiz!

General Stats

  • This quiz has been taken 59 times
  • The average score is 7 of 15

Answer Stats

FactStadium% Correct
Bayern beat Dortmund in the first all German Champions League finalWembley
83%
Officially known as Stadio Giuseppe MeazzaSan Siro
80%
Sergio Aguero scores with almost the final kick of the season to win the Premier LeagueCity of Manchester Stadium
77%
Solskjaer scores an injury time winner in the 1999 Champions League finalNou Camp
77%
Germany won their fourth World Cup hereMaracana
70%
Hungary's biggest football stadium named after arguably their biggest starFerenc Puskas Stadion
60%
Maradona scores his controversial 'Hand of God' goalAzteca
47%
Spain become the first team to retain the European Championships hereOlympic Stadium, Kiev
40%
Real Madrid won their first European Cup here in FranceParc Des Princes
37%
Bergkamp knocks out Argentina here in 1998 with a wonder goalStade Velodrome
30%
The first World Cup final played in AfricaSoccer City
27%
Home of the first World Cup final determined by a penalty shoot-outRose Bowl
17%
Located in the centre of a European capital on the banks of the River ManzanaresVicente Calderon
13%
The Euro 2000 final held here, affectionately known as The TubDe Kuip
10%
Seven time venue of the FIFA Club World CupInternational Stadium, Yokohama
0%

Score Distribution

Percentile by Number Answered

Percent of People with Each Score

Your Score History

You have not taken this quiz